banner-ar

المجمل فى تاريخ مصر: النظم السياسية والادارية / (Record no. 52920)

MARC details
000 -الفاتح
حقل البيانات ثابتة الطول 01341nam a2200373Ia 4500
008 - عناصر البيانات ثابتة الطول - معلومات عامة
حقل البيانات ثابتة الطول 140319s9999 xx 000 0 ara d
020 ## - الرقم الدولى المعيارى للكتب
الرقم الدولى المعيارى للكتاب 1012609977
040 ## - مصدر الفهرسة
وكالة الفهرسة الأصلية GCL /
وكالة النسخ GCL
082 04 - رقم تصنيف ديوى العشرى
رقم التصنيف ق
رقم المادة 962
-- ن م
100 1# - المدخل الرئيسى - إسم شخصى
الإسم الشخصى ناصر الانصارى
245 10 - بيان العنوان
العنوان المجمل فى تاريخ مصر: النظم السياسية والادارية /
بيان المسئوليه,etc ناصر الانصارى
250 ## - بيان الطبعة
بيان الطبعة الاولى
260 ## - PUBLICATION, DISTRIBUTION, ETC. (IMPRINT)
تاريخ النشر أو التوزيع 1993
300 ## - الوصف المادى
التعداد 291 ص ؛
أبعاد الوعاء 24 سم
650 04 - المدخل الاضافى بالموضوع-مصطلح موضوعى
مصطلح موضوعي العصر الحديث
650 04 - المدخل الاضافى بالموضوع-مصطلح موضوعى
مصطلح موضوعي دولة المماليك
650 04 - المدخل الاضافى بالموضوع-مصطلح موضوعى
مصطلح موضوعي الدولة الفاطمية
650 04 - المدخل الاضافى بالموضوع-مصطلح موضوعى
مصطلح موضوعي مصر القديمة
650 04 - المدخل الاضافى بالموضوع-مصطلح موضوعى
مصطلح موضوعي الحضارة الفرعونية
650 04 - المدخل الاضافى بالموضوع-مصطلح موضوعى
مصطلح موضوعي ثورة 23 يوليو 1952
650 04 - المدخل الاضافى بالموضوع-مصطلح موضوعى
مصطلح موضوعي العصر البطلمى
650 04 - المدخل الاضافى بالموضوع-مصطلح موضوعى
مصطلح موضوعي الدولة الايوبية
650 04 - المدخل الاضافى بالموضوع-مصطلح موضوعى
مصطلح موضوعي فتح العرب لمصر
650 04 - المدخل الاضافى بالموضوع-مصطلح موضوعى
مصطلح موضوعي الدولة الطولونية
650 04 - المدخل الاضافى بالموضوع-مصطلح موضوعى
مصطلح موضوعي اسرة محمد على
650 04 - المدخل الاضافى بالموضوع-مصطلح موضوعى
مصطلح موضوعي نظم الحكم
650 04 - المدخل الاضافى بالموضوع-مصطلح موضوعى
مصطلح موضوعي العصر الرومانتيكى
650 04 - المدخل الاضافى بالموضوع-مصطلح موضوعى
مصطلح موضوعي الاسكندر الاكبر
650 04 - المدخل الاضافى بالموضوع-مصطلح موضوعى
مصطلح موضوعي العالم العربى - تاريخ - العصر العثمانى
650 04 - المدخل الاضافى بالموضوع-مصطلح موضوعى
مصطلح موضوعي مصر - الاحوال السياسية
650 04 - المدخل الاضافى بالموضوع-مصطلح موضوعى
مصطلح موضوعي مصر - النظم الادارية
942 ## - عناصر المدخل الإضافي( كوها)
مصدر التصنيف او مخطط الترفيف Dewey Decimal Classification
Koha [default] item type كتاب
260 ## - PUBLICATION, DISTRIBUTION, ETC. (IMPRINT)
-- القاهرة :
-- دار الشروق ،
Holdings
حالة التراجع حالة الفقد حالة تلف ليس للاعارة المكان المؤقت الموقع الحالى تاريخ الاكتساب اجمالي اﻻعارات رقم الطلب الباركود تاريخ اخر مشاهدة تاريخ تفعيل السعر نوع وعاء كوها
        مكتبة القاهرة الكبرى مكتبة القاهرة الكبرى 03/26/2014   ق\962\ن م 126994 03/26/2014 03/26/2014 كتاب
        مكتبة القاهرة الكبرى مكتبة القاهرة الكبرى 03/26/2014   ق\962\ن م 126995 03/26/2014 03/26/2014 كتاب
        مكتبة القاهرة الكبرى مكتبة القاهرة الكبرى 03/26/2014   ق\962\ن م 126996 03/26/2014 03/26/2014 كتاب
        مكتبة القاهرة الكبرى مكتبة القاهرة الكبرى 03/26/2014   ق\962\ن م 126997 03/26/2014 03/26/2014 كتاب

Powered By

EGPV